| 000 | 00921nam a2200193 i 4500 | ||
|---|---|---|---|
| 001 | 185620 | ||
| 003 | ES-MaACL | ||
| 005 | 20250812224531.0 | ||
| 008 | 160728s1919 sp |||| | spa d | ||
| 100 | 0 |
_aSánchez y Sánchez, Manuel. _9102996 |
|
| 245 | 1 | 0 |
_aDe las relaciones entre el óvulo y el tejido conjuntivo de las actinias / _cpor Manuel Sánchez y Sánchez. |
| 260 |
_a[Madrid : _bJunta para Ampliación de Estudios e Investigaciones Científicas], _c1919. |
||
| 300 |
_aP. 244-245, 1 h. de lám. ; _c25 cm. |
||
| 490 | 1 |
_aTrabajos del Laboratorio de Histopatología de la Junta para Ampliación de Estudios ; _v3 |
|
| 500 | _aSeparata del "Boletín de la Sociedad Española de Biología". Año VIII. Nov. 1918-Feb. 1919. | ||
| 830 | 0 | 0 |
_aTrabajos del Laboratorio de Histopatología de la Junta para Ampliación de Estudios _v3 _9184307 |
| 852 |
_aES-MaACL _jB-13355(3) |
||
| 999 |
_c185620 _d185620 |
||